Central Library OPAC University of Rajshahi

Six modern American plays / (Record no. 19302)

MARC details
000 -LEADER
fixed length control field 00794nam a2200277 a 4500
001 - CONTROL NUMBER
control field 19302
003 - CONTROL NUMBER IDENTIFIER
rucl marc code BD-RjUL
005 - DATE AND TIME OF LATEST TRANSACTION
control field 20211209000419.0
008 - FIXED-LENGTH DATA ELEMENTS--GENERAL INFORMATION
fixed length control field 14023s1951 nyu 000 0 eng
035 ## - SYSTEM CONTROL NUMBER
System control number (DLC)51008900
System control number (BD-RjUL)19360
040 ## - CATALOGING SOURCE
Original cataloging agency BD-RjUL
Language of cataloging eng
Transcribing agency BD-RjUL
Modifying agency BD-RjUL
041 ## - LANGUAGE CODE
Language code of text/sound track or separate title eng
082 ## - DEWEY DECIMAL CLASSIFICATION NUMBER
Classification number 812.5082
090 ## - LOCALLY ASSIGNED LC-TYPE CALL NUMBER (OCLC); LOCAL CALL NUMBER (OCLC)
Classification number (OCLC) (R) ; Classification number, CALL (RLIN) (NR) LCo
245 00 - TITLE STATEMENT
Title Six modern American plays /
Statement of responsibility, etc. introduction by Allan G. Halline.
260 0# - PUBLICATION, DISTRIBUTION, ETC. (IMPRINT)
Place of publication, distribution, etc. New York :
Name of publisher, distributor, etc. Modern Library ,
Date of publication, distribution, etc. 1951.
300 ## - PHYSICAL DESCRIPTION
Pagination 419 p. :
Size 19 cm.
650 #0 - SUBJECT ADDED ENTRY--TOPICAL TERM
Topical term or geographic name as entry element American drama
Chronological subdivision 20th century.
9 (RLIN) 51401
700 10 - ADDED ENTRY--PERSONAL NAME
Personal name Halline, Allan G.
Fuller form of name (Allan Gates)
830 #0 - SERIES ADDED ENTRY--UNIFORM TITLE
Volume number/sequential designation 276.
830 #0 - SERIES ADDED ENTRY--UNIFORM TITLE
Uniform title Modern library of the world's best books ;
942 ## - ADDED ENTRY ELEMENTS (KOHA)
Source of classification or shelving scheme Dewey Decimal Classification
Koha item type Books
Holdings
Lost status Source of classification or shelving scheme Damaged status Not for loan Collection code Permanent Location Current Location Shelving location Date acquired Source of acquisition Cost, normal purchase price Total Checkouts Full call number Date last seen Copy number Koha item type
  Dewey Decimal Classification   Not For Loan Fiction Central Library, University of Rajshahi Central Library, University of Rajshahi Reading Room 11/12/1990 Shaukat Orman Dhaka 0.00   812.5082 HAS 1951 23/02/2014 C-1 Books